Compilation of international conventions : (ระเบียนเลขที่ 68545)
| 000 -LEADER | |
|---|---|
| fixed length control field | 00685nam a22001937a 4500 |
| 003 - CONTROL NUMBER IDENTIFIER | |
| control field | NALT |
| 005 - DATE AND TIME OF LATEST TRANSACTION | |
| control field | 20240523144127.0 |
| 008 - FIXED-LENGTH DATA ELEMENTS--GENERAL INFORMATION | |
| fixed length control field | s2011 th ||||| |||| 00| 0 tha d |
| 040 ## - CATALOGING SOURCE | |
| Original cataloging agency | NALT |
| 090 ## - LOCALLY ASSIGNED LC-TYPE CALL NUMBER (OCLC); LOCAL CALL NUMBER (RLIN) | |
| Classification number (OCLC) (R) ; Classification number, CALL (RLIN) (NR) | KF 43.L3 |
| Local cutter number (OCLC) ; Book number/undivided call number, CALL (RLIN) | M57C 2011 |
| 110 2# - MAIN ENTRY--CORPORATE NAME | |
| 9 (RLIN) | 42641 |
| Corporate name or jurisdiction name as entry element | Ministry of Foreign Affairs. |
| Subordinate unit | Department of European Affairs |
| 245 10 - TITLE STATEMENT | |
| Title | Compilation of international conventions : |
| Remainder of title | human rights volume II / |
| Statement of responsibility, etc. | Department of European Affairs Ministry of Foreign Affairs. |
| 260 ## - PUBLICATION, DISTRIBUTION, ETC. | |
| Place of publication, distribution, etc. | Vientiane, Lao : |
| Name of publisher, distributor, etc. | Ministry of Foreign Affairs, |
| Date of publication, distribution, etc. | 2011. |
| 300 ## - PHYSICAL DESCRIPTION | |
| Extent | 1 v. ; |
| Dimensions | 20 cm. |
| 650 #0 - SUBJECT ADDED ENTRY--TOPICAL TERM | |
| Topical term or geographic name entry element | Human rights |
| 9 (RLIN) | 42643 |
| General subdivision | Congresses |
| 650 #0 - SUBJECT ADDED ENTRY--TOPICAL TERM | |
| Topical term or geographic name entry element | Human rights |
| 9 (RLIN) | 42644 |
| Geographic subdivision | Lao |
| 850 ## - HOLDING INSTITUTION | |
| Holding institution | NALT |
| 942 ## - ADDED ENTRY ELEMENTS (KOHA) | |
| Koha item type | Law Book |
| Source of classification or shelving scheme | Local Classification |
| 998 ## - STAFF NAME (NALT) | |
| -- | 2 |
| -- | punsarn |
| Withdrawn status | Lost status | Source of classification or shelving scheme | Damaged status | Not for loan | Collection code | Home library | Current library | Shelving location | Date acquired | Source of acquisition | Full call number | Barcode | Date last seen | Copy number | Price effective from | Koha item type |
|---|---|---|---|---|---|---|---|---|---|---|---|---|---|---|---|---|
| Local Classification | ASEAN collection | National Assembly Library of Thailand | National Assembly Library of Thailand | ASEAN corner | 28/04/2022 | จัดซื้อทรัพยากร | ASEAN KF 43.L3 M57C 2011 | 3961194397 | 09/06/2017 | ฉ.1 | 09/06/2017 | Law Book | ||||
| Local Classification | ASEAN collection | National Assembly Library of Thailand | National Assembly Library of Thailand | ASEAN corner | 28/04/2022 | จัดซื้อทรัพยากร | ASEAN KF 43.L3 M57C 2011 | 3961194396 | 09/06/2017 | ฉ.2 | 09/06/2017 | Law Book |
